[Event "84th Tata Steel Challengers 2022"]
[Site "Wijk aan Zee"]
[Date "2022.01.21"]
[Round "6.4"]
[White "Dardha, Daniel"]
[Black "Bjerre, Jonas Buhl"]
[Result "1/2-1/2"]
[WhiteElo "2533"]
[BlackElo "2586"]
[Annotator "TA"]
[PlyCount "243"]
[EventDate "2022.01.15"]
[EventType "tourn"]
[EventCountry "NED"]
[SourceTitle "playchess.com"]
[Source "ChessBase"]
[SourceQuality "1"]

{[%evp 11,243,14,31,0,42,24,33,29,53,19,47,41,41,40,39,31,97,65,180,12,42,25,29,25,19,22,75,83,103,125,89,93,121,119,164,155,166,166,169,169,160,131,140,119,116,135,182,135,144,124,135,96,95,88,88,88,88,88,88,88,88,88,88,65,65,65,65,65,65,65,65,58,58,59,59,61,64,64,72,58,58,58,65,58,58,58,58,58,58,58,65,58,58,58,58,58,58,65,65,47,47,47,52,47,48,48,48,6,41,41,41,30,41,41,41,30,30,30,30,30,30,30,30,30,30,30,30,30,36,0,0,0,0,0,0,0,0,0,0,0,0,17,58,0,0,0,0,0,0,0,0,0,-28000,-28000,-28000,-28000,-28000,-28000,-28000,-28000,-28000,-28000,-28000,-28000,-28000,-28000,-28000,-28000,-28000,-28000,-28000,-28000,-28000,-28000,-28000,-28000,-28000,-28000,-28000,-28000,-28000,-28000,-28000,-28000,-28000,-28000,-28000,-28000,-28000,-28000,-28000,-28000,-28000,-28000,-28000,-28000,-28000,-28000,-28000,-28000,-28000,-28000,-28000,-28000,-28000,-28000,-28000,-28000,-28000,-28000,-28000,-28000,-28000,-28000,-28000,-28000,-28000,-28000,-28000,-28000,-28000,-28000,-28000,-28000,-28000,-28000,-28000,-28000,-28000,-28000,-28000,-28000,-28000,-28000]} 1. e4 c5 2. Nf3 d6 3. d4 cxd4 4. Nxd4 Nf6 5. Nc3 a6 6. Bg5 Nbd7 7. Be3 {7.Qe2 is a critical line. B94: Sicilian Najdorf: 6 Bg5 Nbd7.} b5 {[#]} (7... e6 $11) 8. a4 $146 ({Predecessor:} 8. a3 Bb7 9. Bd3 g6 10. Qe2 Bg7 11. O-O O-O 12. f4 Qc7 13. f5 Nc5 14. fxg6 hxg6 {0-1 (47) Zenelaj,F (1919)-Bucan,E (2126) Sarajevo 2017}) 8... bxa4 9. Be2 {White is slightly better.} Bb7 10. Rxa4 Nc5 11. Rb4 Qa5 {[#]} 12. Rxb7 Nxb7 13. O-O g6 (13... e6 $1 $14) 14. b4 $36 {[%mdl 3072] White has strong compensation. White has the initiative.} Qc7 {[#]} (14... Qxb4 $14 15. Qa1 Qa5) 15. Qa1 $2 (15. Ndb5 $1 $18 {[%cal Rb5c7][%mdl 512]} Qc6 (15... Qd8 16. Nd5) 16. Nd5 $1 (16. Qa1 Bg7 $11) 16... Nxd5 17. exd5) 15... Bg7 $11 16. Qa4+ (16. Bxa6 O-O 17. Nde2 d5 $17) 16... Kf8 17. Nd5 Nxd5 18. exd5 Bf6 (18... Bxd4 $11 19. Bxd4 f6) 19. Qc6 $16 ({Reject} 19. Bxa6 Kg7 $11) 19... Qb8 20. Bxa6 Nd8 {[%csl LRb4,LRc6]} 21. Qc4 {White is much more active. Black has bad knights.} Kg7 {[%cal Oa8a6] [#]} 22. b5 $1 e6 (22... Nb7 $16 {was necessary.}) 23. dxe6 Nxe6 24. Nxe6+ fxe6 25. Qxe6 {White wants to mate with Qd7+.} Re8 26. Qd7+ ({Don't take} 26. Bh6+ $6 Kxh6 27. Qxf6 Qb6 $11) 26... Re7 27. Qc6 Rc7 28. Qxd6 {And now Bf4 would win.} Rxc2 (28... Qd8 $16 29. Qf4 Rxc2) 29. Qd7+ (29. Qd3 $18 Rc3 30. Qd7+ Kh8 31. Bd4) 29... Kh8 30. Bb7 {This bishop pair is nice.} Qd8 31. Qe6 Rb8 32. Be4 Rb2 33. Bc6 Kg7 34. g3 R2xb5 35. Bxb5 Rxb5 36. Rc1 Rd5 37. Kg2 Re5 38. Qc6 Qd5+ 39. Qxd5 Rxd5 $14 {[%mdl 4096] Endgame KRB-KRB} 40. Rc7+ Kg8 41. Kf3 h5 42. Rb7 Rf5+ 43. Ke4 Re5+ 44. Kd3 Re7 45. Rb5 Kf7 46. h3 Re5 47. Rb4 Re7 48. Ra4 Rd7+ 49. Ke4 Re7+ 50. Kf3 Re6 51. Bc5 Rc6 52. Ra7+ Ke6 53. Be3 Rd6 54. Ke4 Rc6 {[%cal Bd6c6,Bc6c4,Bc4c3,Bc3b3][%mdl 32]} 55. f4 Rc4+ 56. Kd3 Rc3+ 57. Ke2 {Threatens to win with Ra6+.} Rb3 58. Ra6+ Kf7 59. g4 (59. Ra4 $14 {feels stronger.}) 59... hxg4 (59... g5 $5) 60. hxg4 Be7 61. Ra7 {Hoping for Bc5.} Ke8 {[%cal Ob3e3]} 62. Rc7 Kf8 63. Kf3 Bd6 64. Rc6 Ke7 65. Rc4 Ke6 66. Rc2 Ra3 67. Rc6 Kd7 68. Rc4 Ke6 69. Ke4 Rb3 70. f5+ gxf5+ 71. gxf5+ Kd7 72. Rc2 Rb4+ 73. Kf3 Be5 74. Bg5 Rb5 75. Re2 Bd6 76. Kg4 {Black must now prevent Rd2.} Rb8 77. Rd2 (77. Bf6 $14) 77... Rg8 $11 78. Rd1 Kc6 79. f6 {aiming for Kf5.} Rf8 80. Kf5 {Strongly threatening Bh6.} Be7 $1 81. Ke6 $2 {[%mdl 8192]} (81. Rc1+ $11 Kd5 82. Ra1 (82. Rd1+ Kc4 $14)) 81... Bxf6 82. Rc1+ {Mate.} Kb7 83. Bxf6 {KRB-KR} Rc8 84. Rb1+ Kc6 85. Rd1 Re8+ 86. Be7 Rh8 87. Rc1+ Kb5 88. Bd6 Rh5 89. Be5 Kb4 90. Kd5 Kb5 91. Rb1+ Ka5 92. Kd4 Ka6 93. Bd6 Rb5 94. Bb4 Rb7 95. Kc4 Kb6 96. Bc5+ Kc6 97. Rg1 Kd7 98. Rg6 Rb1 99. Rd6+ Ke8 100. Rd3 Kf7 101. Kd5 Rf1 102. Bd4 Ke7 103. Be5 Rh1 104. Rc3 Rd1+ 105. Ke4 Rd7 106. Kf5 Rb7 107. Rd3 Rd7 108. Rh3 Kf7 109. Rh6 Ke7 110. Rg6 Kf7 111. Bd6 Ke8 112. Re6+ Kd8 113. Rf6 Kc8 114. Ke6 Rh7 115. Rf8+ Kb7 116. Kd5 Rh5+ 117. Be5 Kb6 118. Rb8+ Ka5 119. Rb1 Rg5 120. Rb2 Rh5 121. Rh2 Rxh2 122. Bxh2 {[%mdl 32768] Quite a comeback for Black.  Weighted Error Value: White=0.11 (very precise) /Black=0.12 (very precise) . An unexpected result.} 1/2-1/2

[Event "84th Tata Steel Challengers 2022"]
[Site "Wijk aan Zee"]
[Date "2022.01.21"]
[Round "6.5"]
[White "Maurizzi, Marc`Andria"]
[Black "L'Ami, Erwin"]
[Result "1/2-1/2"]
[WhiteElo "2496"]
[BlackElo "2622"]
[Annotator "TA"]
[PlyCount "61"]
[EventDate "2022.01.15"]
[EventType "tourn"]
[EventCountry "NED"]
[SourceTitle "playchess.com"]
[Source "ChessBase"]
[SourceQuality "1"]

{[%evp 11,61,8,0,0,10,-11,-7,-8,9,0,2,-8,9,5,46,46,38,43,37,39,41,45,47,42,43,44,36,27,34,27,39,40,48,47,45,47,47,37,43,19,45,18,41,0,41,0,41,0,39,30,43,44]} 1. d4 Nf6 2. c4 e6 3. Nc3 Bb4 4. Nf3 b6 5. e3 O-O 6. Bd3 d5 7. cxd5 {E52: Nimzo-Indian: Rubinstein: 4...0-0 5 Nf3 d5 6 Bd3 b6.} exd5 8. Bd2 Bd6 9. O-O {The position is equal.} Ba6 10. Bxa6 Nxa6 11. Qa4 {[#]} Nb8 $146 ({Predecessor:} 11... Qc8 12. Rac1 Qb7 13. Nb5 Be7 14. Ne5 c5 15. Rfd1 Rfc8 16. Be1 Bf8 17. f3 Nc7 {½-½ (25) Pheby,I (2312)-Evans,D (2352) ICCF email 2017}) 12. Ne5 Qe8 (12... Qe7 $11) 13. Qxe8 $14 Rxe8 14. Nb5 Ne4 $1 15. Nxd6 cxd6 16. Nf3 g5 {[#] White must now prevent ...g4.} 17. Rfd1 Nd7 18. Rac1 Rac8 19. Be1 f5 20. Kf1 Kf7 21. Ng1 Nf8 22. Ne2 Ng6 23. f3 Nf6 24. Nc3 {Hoping for Nb5.} a6 {To avoid Nb5} ({Don't take} 24... Rxe3 25. Bd2 Rd3 26. Bxg5 Rxd1+ 27. Rxd1 $16) 25. Kf2 h5 26. Na4 Nd7 (26... f4 {keeps more tension.} 27. Bd2 b5 28. Nc3 fxe3+ 29. Bxe3 g4) 27. Nc3 Nf6 28. Na4 Nd7 29. Nc3 (29. Rxc8 $14 Rxc8 30. Nc3) 29... Ke6 30. Bd2 Nf6 31. Ne2 {Weighted Error Value: White=0.09 (flawless) /Black=0.07 (flawless)} 1/2-1/2

[Event "84th Tata Steel Challengers 2022"]
[Site "Wijk aan Zee"]
[Date "2022.01.21"]
[Round "6.6"]
[White "Van Foreest, Lucas"]
[Black "Shuvalova, Polina"]
[Result "1-0"]
[WhiteElo "2530"]
[BlackElo "2516"]
[Annotator "TA"]
[PlyCount "109"]
[EventDate "2022.01.15"]
[EventType "tourn"]
[EventCountry "NED"]
[SourceTitle "playchess.com"]
[Source "ChessBase"]
[SourceQuality "1"]

{[%evp 20,109,4,10,8,0,7,6,0,0,0,0,6,8,9,6,4,13,92,95,108,107,116,114,109,102,114,114,101,90,100,94,133,130,167,161,172,166,199,196,221,202,216,230,286,199,254,172,269,250,285,285,473,221,257,253,249,253,431,415,427,425,420,419,439,444,437,435,683,677,818,803,777,549,549,549,633,633,733,694,1044,1022,1024,1020,1012,1010,1594,1511,29984,29947,29985,29986]} 1. d4 d5 2. c4 e6 3. Nf3 Nf6 4. g3 Bb4+ 5. Bd2 Be7 6. Bg2 Nbd7 7. O-O O-O 8. Qc2 c6 9. Bf4 b6 10. Rd1 Bb7 11. Ne5 Nh5 {E08: Closed Catalan: Main Line: 7 Qc2.} 12. Bd2 Nhf6 13. cxd5 cxd5 {The position is equal.} 14. Nc6 Bxc6 15. Qxc6 Rc8 16. Qb5 Ne8 17. Qa4 Rc4 18. Qxa7 {[#]} Nd6 $146 {[#]} (18... Rxd4 $11 19. Na3 Nc5) ({Predecessor:} 18... Rxd4 19. Nc3 Rc4 20. e4 d4 21. Nb5 Nd6 22. Nxd6 Bxd6 23. Rac1 Rxc1 24. Rxc1 d3 {½-½ (37) Petrov,M (2457)-Daubenfeld,N (2513) ICCF email 2019}) 19. e3 $1 $16 b5 20. Qa3 Ne4 21. Qd3 Nxd2 22. Nxd2 Rc8 23. a3 Rb8 24. Bf1 {White is more active.} Nb6 25. b3 {[%cal Bb2b3,Bb3a4,Ba4a5,Ba5a6][%mdl 32]} Nc8 26. Nf3 Qd6 27. Rdc1 Na7 28. a4 bxa4 29. bxa4 (29. Rxa4 $6 Nc6 $16) 29... Nc6 30. a5 Nb4 31. Qa3 f6 32. a6 {Hoping for a7.} Ra8 (32... Rb6 {might work better.} 33. Qa5 (33. a7 Ra8 $16) 33... Ra8) 33. Ne1 ({Much less strong is} 33. a7 $6 Rf7 34. Qb3 Bf8 $18) 33... Rfd8 (33... Rfb8 $142 34. Nc2 Nc6) 34. Qa4 $18 ({Don't play} 34. a7 $6 Rd7 $16) 34... Ra7 35. Rc5 Qb6 {[#]} (35... Rb8 36. Rb1 Nxa6 37. Rxb8+ Qxb8) 36. Ra5 (36. Rb1 $142 $1 Bxc5 37. dxc5 Qxc5 38. Rxb4) 36... Rda8 37. Nc2 Nc6 38. Rb5 Qxa6 {[#]} (38... Qc7 39. Rbb1 Kf7) 39. Rb8+ $1 {[%mdl 512]} Rxb8 40. Bxa6 Rb6 {[#]} 41. e4 $1 {[%cal Oe4d5] aiming for exd5!} Kf8 {[#]} (41... Bf8 42. exd5) 42. exd5 $1 exd5 43. Qa2 {[%cal Oa2d5]} Nb8 {[#]} (43... Raxa6 $142 44. Qxa6 Rxa6 45. Rxa6 Nb4) 44. Qxd5 $1 Raxa6 (44... Nxa6 45. Qh5) 45. Rxa6 Nxa6 46. Ne3 Nc7 47. Qa5 Rb7 48. Qf5 {Black must now prevent Qc8+.} Rb4 49. Qxh7 Ne6 50. Nf5 {Strongly threatening d5.} Rb5 51. Kg2 Rd5 52. h4 {[%cal Bh2h4,Bh4h5][%mdl 32]} Kf7 53. h5 {Intending Qg6+ and mate.} Bf8 54. Qg6+ Kg8 {[#]} 55. Qe8 $1 {Weighted Error Value: White=0.16 (very precise) /Black=0.59} 1-0

[Event "84th Tata Steel Challengers 2022"]
[Site "Wijk aan Zee"]
[Date "2022.01.21"]
[Round "6.7"]
[White "Warmerdam, Max"]
[Black "Zhu, Jiner"]
[Result "1-0"]
[WhiteElo "2599"]
[BlackElo "2478"]
[Annotator "TA"]
[PlyCount "81"]
[EventDate "2022.01.15"]
[EventType "tourn"]
[EventCountry "NED"]
[SourceTitle "playchess.com"]
[Source "ChessBase"]
[SourceQuality "1"]

{[%evp 15,81,0,0,0,18,0,25,41,51,43,56,56,67,63,44,72,71,59,82,78,78,81,33,0,0,0,30,23,24,0,0,0,0,0,28,0,8,6,8,0,0,0,49,8,8,8,66,0,0,0,17,16,22,36,57,8,8,0,0,-36,-38,-34,-54,-60,519,506,633,626]} 1. e4 c5 2. Nf3 Nc6 3. Bb5 g6 4. O-O Bg7 5. c3 e5 6. d4 cxd4 7. cxd4 exd4 8. Bf4 a6 9. Ba4 {B31: Sicilian: 2...Nc6 3 Bb5 g6.} Nge7 10. Nbd2 $5 {[%mdl 4] A promising side line.} b5 {Prevents Nc4.} 11. Bb3 {White has an edge.} d6 {To avoid e5} 12. a4 $1 Rb8 13. axb5 $1 axb5 14. Ng5 $1 O-O {[#]} 15. Qf3 $146 {aiming for Nxf7.} ({Predecessor:} 15. Bxf7+ Rxf7 16. Qb3 Qe8 17. Bxd6 Rb7 18. Ra8 Bh6 19. Nxf7 Qxf7 20. Qh3 Bxd2 21. Rxc8+ {0-1 (37) Avinash,R (2391)-Aditya,V (2281) Budapest 2021}) 15... Rb6 (15... Ne5 $2 16. Bxe5 dxe5 17. Nxf7 $18) 16. Ra8 {White is much more active.} Ra6 17. Rxa6 (17. Nxf7 {keeps more tension.} Rxf7 18. Rxa6 Bxa6 19. Bxd6 Qe8 20. Rc1) 17... Bxa6 {[#]} 18. Nxf7 $1 {[%mdl 64] Decoy} ({Of course not} 18. Qh3 $6 h6 19. Ngf3 Bc8 $11) 18... Rxf7 19. Bxf7+ (19. Bxd6 $5 Qe8 20. Rc1 $11) 19... Kxf7 20. Bxd6+ Kg8 (20... Ke8 $5 {[%cal Rd8d6]} 21. Qf4 h6 $11) 21. Qa3 {[%mdl 1024] White has compensation. Really sharp!} Bb7 22. Nf3 h6 {Inhibits Ng5.} 23. Rd1 g5 24. Bc5 Kh8 25. Qb3 Bc8 26. Qxb5 Bg4 27. Bxe7 Nxe7 28. Ne5 {[%cal Bf3e5,Be5d3,Bd3f4,Bf4g6][%mdl 32] Black must now prevent Nf7+.} Be6 {[#] Inhibits Nf7+.} (28... Bh5 $11) 29. Qc5 (29. Qa6 $1 $14 {deserves consideration.} Bb3 30. Qb7 (30. Rd3 Qb8 $11)) 29... Kh7 $11 30. h4 {And now hxg5 would win.} g4 ({Black should try} 30... Ng6 $11 31. Nxg6 (31. Rxd4 Qe8 $11) 31... Kxg6) 31. g3 (31. Nd3 $1 $14) 31... Qb8 32. Nd3 Qb3 33. Rd2 Qb7 34. Nf4 Bb3 35. Kh2 (35. e5 $14 {might be stronger.} Qe4 36. Re2 Qb1+ 37. Kh2) 35... Kg8 (35... Qxe4 $2 36. Re2 Qf5 37. Qxe7 $18) 36. e5 Nc6 37. Ng6 {[%cal Oc5c6] Prevents Bf8. Threatens to win with Qxc6!} (37. Re2 $5 {[%cal Re5e6]} Bf8 38. Qc1 $11) 37... Kh7 $1 38. h5 Qd7 39. Qb5 Nxe5 $2 {[%mdl 8192] [#]} 40. Qxe5 $1 $18 {[%mdl 512]} Qc6 (40... Qd5 41. Qxd5) 41. Qf5 {Weighted Error Value: White=0.11 (very precise) /Black=0.31} 1-0

[Event "84th Tata Steel Challengers 2022"]
[Site "Wijk aan Zee"]
[Date "2022.01.22"]
[Round "7.1"]
[White "Jumabayev, Rinat"]
[Black "Erigaisi Arjun"]
[Result "1/2-1/2"]
[WhiteElo "2631"]
[BlackElo "2629"]
[Annotator "TA"]
[PlyCount "167"]
[EventDate "2022.01.15"]
[EventType "tourn"]
[EventCountry "NED"]
[SourceTitle "playchess.com"]
[Source "ChessBase"]
[SourceQuality "1"]

{[%evp 12,167,27,6,18,24,6,0,0,12,25,42,34,16,52,55,57,26,26,4,19,22,24,27,17,15,18,24,31,22,52,43,45,47,52,50,54,47,65,65,74,65,65,65,66,0,85,72,86,51,90,51,86,52,60,35,60,52,52,27,60,52,50,29,48,25,54,45,46,8,16,-18,47,0,39,0,30,0,27,0,0,0,50,31,50,50,67,20,47,10,45,4,29,27,33,12,29,0,33,25,29,0,63,0,0,0,0,0,35,0,0,0,43,38,52,59,38,45,82,81,75,29,31,0,0,0,0,0,0,0,0,0,0,0,0,0,0,0,0,0,0,0,0,0,0,0,0,0,0,0,0,0,0,0,0,0,0,0]} 1. e4 c5 2. Nf3 e6 3. d4 cxd4 4. Nxd4 Nf6 5. Nc3 Nc6 6. a3 d6 7. Be3 $1 {[%mdl 4] is currently scoring better than 7.Be2.} Be7 {B45: Sicilian Four Knights.} 8. Be2 O-O 9. Qd2 Nxd4 10. Bxd4 e5 11. Be3 Be6 12. O-O-O {[#]} Rc8 $146 {[%cal Oc8c3]} ({Predecessor:} 12... a6 13. Kb1 b5 14. f4 Rb8 15. f5 Bc4 16. g4 d5 17. g5 Nxe4 18. Nxe4 dxe4 {0-1 (59) Popov,V (2151)-Serovey,M (1866) ICCF email 2012}) 13. f3 ({Worse is} 13. Bxa7 b6 14. f4 Qc7 $19) 13... a6 14. Kb1 Qc7 {[%cal Od6d5]} 15. Rc1 (15. Bg5 {with more complications.} Rfd8 16. Bd3 b5 17. h4 Qb7 18. g4) 15... Rcd8 16. Nd5 $1 Nxd5 17. exd5 Bd7 18. c4 b6 19. g4 {[%cal Bg2g4,Bg4g5][%mdl 32]} f5 20. h4 Rde8 21. g5 f4 22. Bf2 Bf5+ 23. Bd3 Bxd3+ 24. Qxd3 a5 25. b3 Bd8 26. Qe4 Qd7 27. Kc2 Bc7 28. Kd3 (28. Kd2 $14) 28... Ra8 (28... b5 $11 {remains equal.}) 29. Ke2 {[%cal Bd3e2,Be2f1,Bf1g2][%mdl 32]} Ra6 30. Kf1 Rfa8 31. Kg2 Bd8 32. Rc2 {[%cal Bc1c2,Bc2e2,Be2e4][%mdl 32]} R6a7 33. Qd3 Bc7 34. Rb1 Bd8 35. Rd1 Bc7 36. Re2 Bd8 37. Re4 Bc7 38. Qe2 Ra6 39. Kh2 R6a7 40. Qf1 Kf7 41. Rd2 Ra6 ({Black should try} 41... g6 $11) 42. Qe2 (42. Qd3 $14 {deserves consideration.}) 42... Kg8 43. Qf1 Kf7 44. Rd1 (44. Qd3 {looks sharper.} Qf5 45. Rd1 R6a7 46. Rg1 g6 47. a4) 44... R6a7 45. Qh3 (45. Qd3 {is interesting.} g6 46. Rg1 Qf5 47. Kg2 Rh8 48. Kf1) 45... Qxh3+ 46. Kxh3 Ke7 (46... g6 $11) 47. Kg4 Kd7 48. Re2 Ra6 49. Rd3 {White is more active.} (49. a4 $14 {is superior.}) 49... R6a7 50. Be1 Ra6 51. Bc3 (51. Kf5 $14) 51... Re8 52. Rd1 Ra7 53. Bb2 Ra6 54. h5 Ra7 55. Rh1 Raa8 56. g6 h6 (56... Rh8 $1 $11) 57. Re4 (57. Bc3 $14) 57... Rf8 $1 $11 58. b4 axb4 59. axb4 {[%cal Oc4c5]} Ra2 (59... Ra4 $5 {[%cal Ra4b4]}) 60. Rh2 Rfa8 61. Rhe2 Re8 (61... Bb8 $11) 62. Rc2 $14 Bd8 63. Ree2 (63. Re1 {feels hotter.} Bc7 64. Ree2 Rb8 65. Rc1 Bd8 66. Rec2) 63... Bf6 $1 64. Bc3 Rxc2 65. Rxc2 {[%mdl 4096] Endgame Hoping for Ra2. KRB-KRB} Ra8 {[#] Prevents Ra2.} 66. Kf5 (66. Be1 $1 $16) 66... Ra3 $11 67. c5 (67. Rc1 {seems wilder.} Rb3 68. Ke4 Ra3 69. Rc2 Rb3 70. Bd2) 67... bxc5 {The position is equal.} 68. bxc5 dxc5 69. Bxe5 Bxe5 70. Kxe5 Rxf3 {KR-KR} 71. Ra2 {[#] And now Ra7+ would win.} Re3+ $1 72. Kxf4 Re7 73. Ra6 c4 74. Rc6 Re1 75. Rxc4 Rh1 {( -> ...Rh4+)} 76. Kg4 {Prevents Rh4+.} Rg1+ 77. Kf3 {Strongly threatening Ra4.} Rh1 78. Kg4 {Ra4 is the strong threat.} Rg1+ 79. Kf3 Rh1 80. Rf4 Rxh5 81. Ke4 Kd6 {Threatens to win with ...Re5+.} 82. Rf7 Rxd5 {aiming for ...Re5+.} 83. Rxg7 Rg5 84. Rh7 {Weighted Error Value: White=0.19 (very precise) /Black=0.18 (very precise)} 1/2-1/2

[Event "84th Tata Steel Challengers 2022"]
[Site "Wijk aan Zee"]
[Date "2022.01.22"]
[Round "7.2"]
[White "Nguyen, Thai Dai Van"]
[Black "Maurizzi, Marc`Andria"]
[Result "1-0"]
[WhiteElo "2609"]
[BlackElo "2496"]
[Annotator "TA"]
[PlyCount "95"]
[EventDate "2022.01.15"]
[EventType "tourn"]
[EventCountry "NED"]
[SourceTitle "playchess.com"]
[Source "ChessBase"]
[SourceQuality "1"]

{[%evp 9,95,24,38,31,36,25,58,50,50,60,72,79,91,37,66,2,134,44,72,72,73,7,6,14,12,11,39,30,30,37,27,0,13,12,19,10,10,3,26,31,64,58,50,35,60,67,81,73,74,31,33,31,38,31,31,8,8,8,9,16,8,8,122,127,89,106,161,156,436,422,400,397,397,394,387,381,468,465,468,447,2068,1632,29974,29975,29979,29980,29980,29974]} 1. Nf3 f5 2. d4 Nf6 3. c4 g6 4. e3 Bg7 5. b4 d6 {[%cal Oe7e5]} 6. Bb2 {A84: Dutch Defence: 2 c4 Miscellaneous.} O-O {[%cal Oe7e5]} 7. Be2 c5 8. bxc5 {White is slightly better.} ({Much worse is} 8. dxc5 dxc5 9. Qb3 cxb4 $11) 8... dxc5 {[%cal Of5f4]} 9. O-O cxd4 10. exd4 Ne4 11. Qc2 {[#]} (11. Qc1 $16) 11... Nc6 $146 {[%cal Rg7d4]} ({Predecessor:} 11... Qc7 12. Nc3 Nxc3 13. Bxc3 b6 14. Rfe1 Bb7 15. Ng5 Qd7 16. d5 Bxc3 17. Qxc3 h6 {1-0 (31) Nesterov,A (2296)-Poliakov,A (2173) Moscow 2017}) 12. Rd1 (12. Na3 $1 $14) 12... Qb6 {[#]} (12... g5 $1 $11) 13. Na3 (13. Nc3 $1 $16) 13... Nb4 14. Qb3 {c5+ is the strong threat.} Be6 15. Nb5 (15. Rab1 $16) 15... Qxb5 $1 $11 16. cxb5 Bxb3 17. axb3 Nd5 18. Rdc1 Bh6 19. Rc2 e6 20. Bc1 Bg7 21. Bc4 Rfc8 22. Be3 Nd6 {[%cal Od6b5]} 23. Rcc1 Nxc4 24. bxc4 {[%cal Bb3c4,Bc4c5][%mdl 32]} Nb6 25. c5 $1 Nd5 26. g3 h6 27. h4 Kf7 28. Ra3 a6 29. Rca1 ({White should play} 29. Ra5 $16) 29... e5 $1 $14 30. bxa6 (30. h5 {feels hotter.} g5 31. dxe5 Nxe3 32. fxe3 g4 33. c6) 30... Rxa6 31. Rxa6 bxa6 32. Bxh6 Bxh6 33. Nxe5+ Kg8 $1 34. Rxa6 Bg7 $1 35. Rxg6 Kh7 (35... Ne7 $11 {keeps the balance.} 36. Re6 Bxe5) 36. Rd6 $16 Nc3 {[#]} 37. Nf3 Kg8 (37... Nb5 $16 38. Rd7 Kg6) 38. Kg2 f4 $2 {A mistake that costs the game.} (38... Nb5 $16) 39. g4 $18 Ne4 40. Re6 Nc3 41. h5 {[%cal Bh4h5,Bh5h6][%mdl 32]} Nb5 42. Rg6 {Strongly threatening h6.} Kh8 43. Rb6 Nxd4 44. h6 Bf8 (44... Nc6 $142 45. hxg7+ Kxg7) 45. Nxd4 Bxc5 46. Rc6 {White mates.} Rxc6 47. Nxc6 Kh7 48. g5 {Weighted Error Value: White=0.13 (very precise) /Black=0.41} 1-0

[Event "84th Tata Steel Challengers 2022"]
[Site "Wijk aan Zee"]
[Date "2022.01.22"]
[Round "7.3"]
[White "Ganguly, Surya Shekhar"]
[Black "Murzin, Volodar"]
[Result "1/2-1/2"]
[WhiteElo "2627"]
[BlackElo "2519"]
[Annotator "TA"]
[PlyCount "148"]
[EventDate "2022.01.15"]
[EventType "tourn"]
[EventCountry "NED"]
[SourceTitle "playchess.com"]
[Source "ChessBase"]
[SourceQuality "1"]

{[%evp 9,147,11,22,0,0,0,0,4,11,-16,2,-16,0,-7,-8,-19,32,33,60,13,24,0,7,-4,-20,-19,-29,-29,-20,-31,-23,-27,-20,-66,0,-54,-51,-31,-35,-101,-100,-72,-52,-50,-60,-67,-72,-60,-62,-46,0,0,0,0,0,0,0,0,0,0,0,0,0,0,0,0,0,0,0,-39,-27,-28,-24,-36,-42,-35,0,0,0,0,0,0,0,0,0,0,0,0,0,0,0,0,0,0,0,0,0,0,0,0,0,0,0,0,0,0,0,0,0,-28000,-28000,-28000,-28000,-28000,-28000,-28000,-28000,-28000,-28000,-28000,-28000,-28000,-28000,-28000,-28000,-28000,-28000,-28000,-28000,-28000,-28000,-28000,-28000,-28000,-28000,-28000,-28000,-28000,-28000,-28000]} 1. e4 c6 2. Nf3 d5 3. d3 Qc7 4. Nbd2 Bg4 5. h3 Bh5 6. g4 {B10: Caro-Kann: 2 d3 and 2 c4.} Bg6 7. Bg2 e6 8. O-O {[#] The position is equal.} Nf6 $146 {[%cal Rd5e4]} ({Predecessor:} 8... Bd6 9. Re1 Nd7 10. Qe2 dxe4 11. dxe4 e5 12. Nh4 f6 13. Nf5 Bf8 14. Nc4 O-O-O {1-0 (33) Tischbierek,R (2480)-Sorensen,H (2220) Farum 1993}) 9. Re1 Be7 10. b3 O-O 11. Bb2 Nbd7 {To avoid Ne5} 12. Qe2 Rfd8 (12... dxe4 $11 13. dxe4 (13. Nxe4 Nd5 $11) 13... a5) 13. e5 $14 Ne8 14. Nf1 (14. h4 $14 {might be stronger.} h5 15. g5) 14... a5 15. Ng3 h6 16. h4 a4 17. g5 hxg5 18. Nxg5 Bxg5 19. hxg5 Qb6 20. Bf3 Nc7 {[%cal Be8c7,Bc7b5,Bb5c3][%mdl 32]} 21. Bh5 (21. Rab1 $11) 21... Qb4 (21... Nf8 $15) 22. Qg4 (22. Bxg6 $11 fxg6 23. d4) 22... Qxg4 $15 23. Bxg4 Nb5 24. Ne2 (24. f4 $15) 24... a3 $17 25. Bc3 c5 26. f4 c4 27. bxc4 dxc4 28. dxc4 Nxc3 29. Nxc3 {[%cal Be2c3,Bc3b5,Bb5d6][%mdl 32]} Nc5 (29... Rac8 $15 30. Rad1 Rxc4) 30. Nb5 $11 Rd2 31. Re2 Rxc2 32. Rxc2 Bxc2 33. Kf2 Ra4 34. Be2 Bd3 35. Nd6 Bxe2 36. Kxe2 {[%mdl 4096] Endgame KRN-KRN} Rb4 {Prevents Rb1.} 37. Ke3 Rb2 38. Nb5 Rh2 39. Kd4 ({Not} 39. Nxa3 $2 Rh3+ 40. Ke2 (40. Kd4 $2 b6 $19) 40... Rxa3 $19) 39... b6 40. Kc3 ({Avoid the trap} 40. Nxa3 $2 Rh3 41. Rd1 Rxa3 $19) 40... Rf2 41. Nxa3 Rxf4 42. Kb4 Rf2 43. Kb5 Rb2+ 44. Kc6 Nd3 45. Nb5 Nxe5+ 46. Kxb6 Nxc4+ 47. Kc5 Na5 48. Kb6 Nc4+ 49. Kc5 Nd2 50. Kb6 Kh7 51. a4 Kg6 52. a5 {[#] Strongly threatening a6.} Nb3 (52... Kxg5 $2 53. a6 Nc4+ 54. Kc5 $18) 53. Re1 {And now a6 would win.} Nxa5 54. Kxa5 Kxg5 {KRN-KR} 55. Nd6 f5 56. Rxe6 f4 57. Re7 Kf6 58. Rf7+ Ke6 59. Rxf4 {Black keeps a firm grip on the game.} Kxd6 {KR-KR. Mate.} 60. Rg4 Rb7 61. Ka6 Re7 62. Kb5 Re5+ 63. Kc4 g5 64. Kd4 Ke6 65. Re4 Rxe4+ 66. Kxe4 {KP-K} Kf6 67. Kf3 Kf5 68. Kg3 g4 69. Kg2 Kf4 70. Kf2 g3+ 71. Kg2 Kg4 72. Kg1 Kh3 73. Kh1 g2+ 74. Kg1 Kg3 {Weighted Error Value: White=0.09 (flawless) /Black=0.06 (flawless)} 1/2-1/2